000 00233nam a22000857a 4500
008 161206b xxu||||| |||| 00| 0 eng d
100 _91872
_aAakash Institute
245 _aBiololgy : the theory
260 _aNew delhi
_bAakash institute
_c2005
999 _c4620
_d4620